000 00693nam a2200181Ia 4500
003 GCL
008 140319s9999 xx 000 0 ara d
040 _aGCL /
_cGCL
082 0 4 _a810.8002
_bت ا
100 1 _aالثعالبى : ابومنصور عبدالملك بن محمد بن اسماعيل النيسابورى
245 1 0 _aالاعجاز والايجاز /
_cالثعالبى : ابومنصور عبدالملك بن محمد بن اسماعيل النيسابورى
260 _a[S.N] :
_bدار النفائس للطباعة والنشر ،
_c1992
300 _a200 ص
490 _a
650 0 4 _aالادب العربى
650 0 4 _aالمجموعات
942 _2ddc
_cBK
999 _c54366
_d54366